Регионална библиотека "Любен Каравелов" - Русе

Литературни анализи (Запис номер 88154)

MARC детайли
000 -Лидер
Контролно поле с фиксирана дължина 01919nam a2200361 c 4500
003 - Код на организацията, давaща контролен номер
Контролно поле BLK
005 - Дата и час на последна редакция
Контролно поле 20180422104440.0
008 - Елементи от данни с фиксирана дължина
fixed length control field 180408b bul|||||r ||||||| ||bul||
010 ## - Наследен системен номер
LC control number KNG00092812000
020 ## - Международен стандартен номер на книга ISBN
Международен стандартен номер на книга ISBN 954-427-137-6
-- издат.: Абагар - (грешен)
040 ## - Източник на каталожния запис
Идентификатор на билиотеката - собственик на записа BLK
041 ## - Код за език
Код за езика на текст/звукозапис или на отделно заглавие Български
Код за езика КДБФ Български
080 ## - УДК
Текстов определител УДК Литература в основното училище. Методика на обучението
УДК код - определител по УДК 373.3.016:821
УДК определител (075.2)
УДК - код + определител 373.3.016:821(075.2)
100 1# - Редна дума - Автор
Автор Радев, Иван
Авторска отговорност първи автор
Автор - информация (биография) Кръстев, Иван Радев
R(LIN) 363297
139 ## - Редно поле
Редна дума Литературни анализи
Авторски знак Лит - Л 69
245 10 - Сведения за заглавието
Заглавие Литературни анализи
Подзаглавни данни В помощ на учениците от V кл.
Редно поле (дума) Иван Радев.
250 ## - Област на изданието
Сведения за изданието 9. доп. и прераб. изд.
257 ## - Страна на издаване
Страна на създаване/издаване България
260 ## - Област на издателските данни
-- В. Търново
Име на издателя, разпространителя и проч. Абагар
Година на издаване 2002
300 ## - Физическа характеристика
Страници 144 с.
Размери/Мащаб 20 см
380 ## - Жанр
Жанр Обществени науки
500 ## - Общи забележки
Забележка Други авт. : С. Василев, Д. Михайлов, Р. Мишева, В. Русева, Ст. Гърдева, Ив. Станков, Т. Моллов ; Пълното име на В. Русева е Виолета Русева Иванова, на Д. Михайлов - Димитър Михайлов Иванов. - 1. изд. 1992 с авт. И. Радев, В. Русева, Д. Михайлов, Ст. Гърдева, Р. Мишева, Ив. Станков - Офс. изд.
650 #4 - Допълнително описание по предмет – тема
Основно описание – тема или топоним Литература - учебници за основни училища
9 (RLIN) 246333
653 ## - Ключова дума – ненормативна
Ключова дума литература
653 ## - Ключова дума – ненормативна
Ключова дума V кл.
653 ## - Ключова дума – ненормативна
Ключова дума учебни помагала
653 ## - Ключова дума – ненормативна
Ключова дума учебници за основни училища
852 ## - Местоположение
Форматна сигнатура Цб 222161
856 4# - Електронен адрес и достъп
Електронен формат pdf - файл
Път до файла /url/
856 4# - Електронен адрес и достъп
Електронен формат pdf - файл
Път до файла /url/
942 ## - АРТИКУЛИ
Вид на библиотечния материал Книги
Скрит в OPAC Не
944 ## - СЪЗДАВАНЕ И РЕДАКЦИЯ на ЗАПИСА
Създаване/Редакция Създаване
Дата на регистрацията/редакция 27.11.2009
Статус, дата на статуса ф /
Служител, извършил регистрацията/редакцията Людмила_Стоянова
944 ## - СЪЗДАВАНЕ И РЕДАКЦИЯ на ЗАПИСА
Създаване/Редакция Редакция
Дата на регистрацията/редакция 11.11.2016
Статус, дата на статуса ф /
Служител, извършил регистрацията/редакцията Людмила_Стоянова
999 ## - СИСТЕМНИ КОНТРОЛНИ НОМЕРА
Koha biblionumber 88154
Koha biblioitemnumber 88154
Наличности
Код за отписване Код за изгубен артикул Източник на класификационната схема Код за повреда Коз за рестрикции Код за отдаване Артикулен № Име на библиотеката - собственик Име на библиотеката, в която се намира в момента Статус (Текущо местоположение) Дата на вписване в системата Местоположение - отдел Цена в лева Инвентарен номер Систематично азбучна сигнатура Баркод Номер на екземпляра Цена в евро Служебна бележка Служебен тип на артикула
  Не е изгубен Universal Decimal Classification Не е повреден без рестрикции заемане за дома 142828 Регионална библиотека "Любен Каравелов" Русе Регионална библиотека "Любен Каравелов" Русе Детски отдел 2009-11-26 Детски отдел 5.00 120000740053 ДН 373.3.016:821/Л 69 120000740053 1 2.56 Дост: Ak Вид: Г N: 15 Дата: 26.11.2009 Дата инв: 24.08.2015 Бележки инв: Д2015 Книги
  Не е изгубен   Не е повреден без рестрикции ползва се в читалня 142829 Регионална библиотека "Любен Каравелов" Русе Регионална библиотека "Любен Каравелов" Русе Хранилище 2016-08-30 Основен фонд - ползва се само за читалня 5.00 120000803584 Цб 222161 120000803584 2 2.56 Дост: DA Вид: А N: 33 Дата: 30.08.2016 Книги
Vip Innovations Ltd, Rousse, Bulgaria 2025